ՀՀ Գիտությունների ազգային ակադեմիայի հիմնարար գիտական գրադարան  =   Fundamental Scientific Library of NAS RA

The complete letters of Sigmund Freud to Wilhelm Fliess, 1887-1904 / (Record no. 230427)

MARC details
000 -LEADER
fixed length control field 01064cam a2200289 a 4500
001 - CONTROL NUMBER
control field 000575699
003 - CONTROL NUMBER IDENTIFIER
control field AM-YeHGA
005 - DATE AND TIME OF LATEST TRANSACTION
control field 20250617141004.0
008 - FIXED-LENGTH DATA ELEMENTS--GENERAL INFORMATION
fixed length control field 841031s1985 mauacf b 001 0 eng d
020 ## - INTERNATIONAL STANDARD BOOK NUMBER
International Standard Book Number 0674154207 (alk. paper)
040 ## - CATALOGING SOURCE
Original cataloging agency AM-YeHGA
041 1# - LANGUAGE CODE
Language code of text/sound track or separate title eng
Language code of original ger
090 ## - LOCALLY ASSIGNED LC-TYPE CALL NUMBER (OCLC); LOCAL CALL NUMBER (RLIN)
-- 231981
100 1# - MAIN ENTRY--PERSONAL NAME
Personal name Freud, Sigmund,
Dates associated with a name 1856-1939.
240 10 - UNIFORM TITLE
Uniform title Correspondence.
Language of a work English.
Form subheading Selections
245 14 - TITLE STATEMENT
Title The complete letters of Sigmund Freud to Wilhelm Fliess, 1887-1904 /
Statement of responsibility, etc. Transl. and ed. by Jeffrey Moussaieff Masson.
260 ## - PUBLICATION, DISTRIBUTION, ETC.
Place of publication, distribution, etc. Cambridge, Mass. :
Name of publisher, distributor, etc. Belknap Press of Harvard University Press,
Date of publication, distribution, etc. 1985.
300 ## - PHYSICAL DESCRIPTION
Extent xv, 505 p. :
Other physical details [20] p. of plates : ill., ports. ;
Dimensions 24 cm.
500 ## - GENERAL NOTE
General note Includes index.
504 ## - BIBLIOGRAPHY, ETC. NOTE
Bibliography, etc. note Bibliogr.: p. [483]-492.
600 10 - SUBJECT ADDED ENTRY--PERSONAL NAME
Personal name Freud, Sigmund,
Dates associated with a name 1856-1939
General subdivision Correspondence.
600 10 - SUBJECT ADDED ENTRY--PERSONAL NAME
Personal name Fliess, Wilhelm,
Dates associated with a name 1858-1928
General subdivision Correspondence.
650 #0 - SUBJECT ADDED ENTRY--TOPICAL TERM
Topical term or geographic name entry element Psychoanalysts
General subdivision Correspondence.
650 #0 - SUBJECT ADDED ENTRY--TOPICAL TERM
Topical term or geographic name entry element Psychoanalysis.
700 1# - ADDED ENTRY--PERSONAL NAME
Personal name Masson, Jeffrey Moussaieff,
Dates associated with a name 1941-
Relationship trl
-- edt
700 1# - ADDED ENTRY--PERSONAL NAME
Personal name Fliess, Wilhelm,
Dates associated with a name 1858-1928.
Holdings
Withdrawn status Lost status Source of classification or shelving scheme Damaged status Not for loan Collection Home library Current library Date acquired Cost, normal purchase price Total checkouts Full call number Barcode Date last seen Price effective from Koha item type Public note
    Universal Decimal Classification     Pambookian Individual Collection Fundamental Scientific Library Fundamental Scientific Library 28/12/2016 15.00   Pamb/1085 FL0044096 28/12/2016 28/12/2016 Գրքեր / Books ILL Non-Circ.


ՀՀ ԳԱԱ հիմնարար գիտական գրադարան
ՀՀ,Երևան 0019
Մարշալ Բաղրամյան 24/6
հեռախոս:(374-10) 52-47-50
Հետադարձ կապ

All site content, except where otherwise noted, is licensed under a
Creative Commons License